000 00288nam a2200133Ia 4500
100 _aLoskutov/V.V.
942 _cBK
654 _aGrinding of Metals
245 _aGrinding Of Metals
260 _bMir Publishers
_aMoscow
_c1981
082 _a671.35
300 _a300
546 _aENGLISH
999 _c29088
_d29088